000 00379nmm a2200145 a 4500
003 AR-BaBNM
005 20251128203137.0
008 133119s1941 ||||||||||||||000 | spa||
040 _cAR-BaBNM
100 1 _aDomenchina, Juan José
245 1 0 _aAntología de la poesía española contemporánea [1900-1936]
260 _a[S.l.]
_bAtlante
_c1941
942 _cBK
998 _cBERTUNA
999 _c2108
_d2108